000 00759nam a22002417a 4500
005 20170124105952.0
010 _aA-713408
020 _c00.00
_a8185005672
035 h _aA-713408
037 _bCen Lib/Ret
040 _aDPL
_bEN
082 _a338.951249
_bTOM
100 _aTomar, J. S.
_913883
245 _aRural development in Taiwan :
_cby J. S. Tomar
_bsome lessons /
246 _b
260 _bAcricole Publishing
_c1990
_aNew Delhi
270 _bNew Delhi
_a208, Defence Colony Flyover
_e110024
300 _axviii,122p.
_c22cm(Hb)
500 _aIncludes bibliographical references and index
650 _aRural development
_913884
650 _aAgriculture--Economic aspects
_911506
942 _2ddc
_cEN
_h338.951249
_mTOM
999 _c125365
_d125365